| 000 | 00475nam a2200181Ia 4500 | ||
|---|---|---|---|
| 001 | 25135 | ||
| 005 | 20260414151129.0 | ||
| 008 | 260414t2021||||xx |||||||||||||| ||spa|| | ||
| 041 | _aESP | ||
| 082 |
_a346.2 _bO81 |
||
| 100 |
_aOsorio Nevado, Álvaro Gonzalo _eAUT |
||
| 245 | 0 |
_aLa aplicación de las reglas procesales en el derecho de familia _b |
|
| 260 | _c2021 | ||
| 300 |
_a478 páginas : _c25 cm. |
||
| 650 | _aDER | ||
| 654 | _aCDE | ||
| 942 |
_cLIB _dJUS _fJUS _2ddc _n |
||
| 999 |
_c25135 _d25135 |
||